| 000 | 01002cad a22002175a 4500 | ||
|---|---|---|---|
| 001 | E153380 | ||
| 008 | 110719s2011 xxk f s000 0 eng d | ||
| 020 | _a9781780452951 | ||
| 035 | _a(Sirsi) u153380 | ||
| 041 | 0 | _aeng | |
| 110 | 2 |
_aScotland _bScottish Government _95344 |
|
| 245 | 0 | 0 |
_aElections to the Crofting Commission _bconsultation paper on draft regulations _h[electronic resource] |
| 260 |
_aEdinburgh _bScottish Government _c2011 |
||
| 520 | _aA consultation to seek views on proposals for the system of elections to appoint members of the Crofting Commission, as established by The Crofting Reform (Scotland) Act 2010. Deadline for comments is 5 October 2011. | ||
| 590 | _aKA | ||
| 650 | 2 | 4 | _aCROFTING REFORM (SCOTLAND) ACT 2010 |
| 651 | 4 |
_aScotland _y1999- |
|
| 690 | _aENVIRONMENTAL AND LAND CONSULTANCY-AGRIBUSINESS-AGRICULTURE | ||
| 856 | 4 | 0 |
_uhttps://www.scotland.gov.uk/Publications/2011/07/13090620/0 _zView the consultation free of charge at www.scotland.gov.uk |
| 942 | _n0 | ||
| 999 |
_c112491 _d112491 |
||